Wie nie zuvor : gedichte /

Bibliographic Details
Main Author: Fritz, Walter Helmut, 1929-2010
Other Authors: Pohl, Alfred
Format: Book
Language:German
Published: Pfaffenweiler : Pfaffenweiler Presse, 1986.

MARC

Tag First Indicator Second Indicator Subfields
LEADER 00000cam a2200000 a 4500
001 in00000011636
005 20151007051650.0
008 880121s1986 gw a 00010 ger d
020 |a 3921365821 
020 |a 392136583X 
035 |a (OCoLC)17368337 
035 |9 AAA4180AM 
040 |a KKS  |c KKS  |d TXA  |d UtOrBLW 
049 |a TXAM  |c [A11031087] 
050 4 |a PT2666.R58  |b W5 1986 
100 1 |a Fritz, Walter Helmut,  |d 1929-2010. 
245 1 0 |a Wie nie zuvor :  |b gedichte /  |c Walter Helmut Fritz ; Holzschnitte von Alfred Pohl. 
264 1 |a Pfaffenweiler :  |b Pfaffenweiler Presse,  |c 1986. 
300 |a 41 pages :  |b illustrations ;  |c 28 cm. 
336 |a text  |b txt  |2 rdacontent 
337 |a unmediated  |b n  |2 rdamedia 
338 |a volume  |b nc  |2 rdacarrier 
700 1 |a Pohl, Alfred. 
999 |a MARS 
999 f f |s 20af4bd5-d30a-3ec4-b695-1794c6b0046c  |i 962f2e04-3d01-3e06-87a3-5f36962b9505  |t 0 
952 f f |p ric  |a Texas A&M University  |b Rellis Campus  |c Joint Library Facility  |d Remote Storage  |t 0  |e PT2666.R58 W5 1986  |h Library of Congress classification  |i unmediated -- volume  |m A14811031087 
998 f f |a PT2666.R58 W5 1986  |t 0  |l Remote Storage